000 05838nam a22005417a 4500
005 20120116153730.0
010 _aB-469546-572
020 _a8173013035
_c160.00
020 _a9781730130359
_c160.00
035 _aB-469546-572
037 _aDPL
_bBlue Berry/Ven
082 _a621.9
100 _aChawla, Anuj
_954319
245 _aMachines /
_cby Anuj Chawla
260 _aNew Delhi
_bDreamland
_c2011
270 _aJ-128, Kirti Nagar
_bNew Delhi
_e110015
_k011-25106050
_l011-25438283
_mdreamland@vsnl.com
300 _a64p.
_bCOL.ill
_c28 cm
490 _aKnow About Science
_954320
942 _2ddc
_cCH
_mCHA
_h621.9
999 _c60988
_d60988